[Event "SR 2. liga A 2007/2008"]
[Site "?"]
[Date "2008.03.18"]
[Round "10"]
[White "Polacik, Igor"]
[Black "Nagy, Tomas"]
[Result "1/2-1/2"]
[WhiteElo "2130"]
[BlackElo "2183"]
[PlyCount "37"]
[EventDate "2007.??.??"]
[WhiteTeam "Slovakia"]
[BlackTeam "Slovakia"]
[WhiteTeamCountry "SVK"]
[BlackTeamCountry "SVK"]
[TimeControl "300"]

1. e4 c5 2. Nf3 d6 3. c4 Nf6 4. Nc3 g6 5. d4 cxd4 6. Nxd4 Bg7 7. Be2 O-O 8. Be3
Nc6 9. O-O Bd7 10. Rc1 Nxd4 11. Bxd4 Bc6 12. f3 a5 13. Nd5 Bxd5 14. cxd5 Nd7
15. Bxg7 Kxg7 16. Qd4+ Kg8 17. Bb5 Rc8 18. Rxc8 Qxc8 19. Bxd7 1/2-1/2

[Event "SR 2. liga A 2007/2008"]
[Site "?"]
[Date "2008.03.18"]
[Round "10"]
[White "Schwarz, Dusan"]
[Black "Vass, Frantisek"]
[Result "1-0"]
[WhiteElo "2284"]
[BlackElo "2417"]
[PlyCount "73"]
[EventDate "2007.??.??"]
[WhiteTeam "Slovakia"]
[BlackTeam "Slovakia"]
[WhiteTeamCountry "SVK"]
[BlackTeamCountry "SVK"]
[TimeControl "300"]

1. e4 c5 2. Nf3 e6 3. d4 d5 4. exd5 exd5 5. Bb5+ Nc6 6. O-O Bd6 7. Be3 c4 8. b3
cxb3 9. axb3 Bg4 10. Nbd2 Nge7 11. Bd3 Qc7 12. h3 Bf5 13. Bxf5 Nxf5 14. c4 O-O
15. Qb1 Qd7 16. c5 Be7 17. b4 Bf6 18. Qb2 Nd8 19. Bg5 Bxg5 20. Nxg5 f6 21. Ngf3
Ne6 22. b5 Nf4 23. Nb1 Qf7 24. Qd2 g5 25. Kh2 Qh5 26. Ng1 Nh6 27. Nc3 f5 28.
Rfe1 Rfe8 29. Nge2 Nxe2 30. Rxe2 Rxe2 31. Qxe2 Qh4 32. Rd1 Kf7 33. g3 Ng4+ 34.
Qxg4 Kf6 35. Nxd5+ Kf7 36. Qxf5+ Kg7 37. Qf6+ 1-0

[Event "SR 2. liga A 2007/2008"]
[Site "?"]
[Date "2008.03.18"]
[Round "10"]
[White "Slovik, Vojtech"]
[Black "Lukacovic, Miroslav"]
[Result "1/2-1/2"]
[WhiteElo "2037"]
[BlackElo "1983"]
[PlyCount "39"]
[EventDate "2007.??.??"]
[WhiteTeam "Slovakia"]
[BlackTeam "Slovakia"]
[WhiteTeamCountry "SVK"]
[BlackTeamCountry "SVK"]
[TimeControl "300"]

1. e4 e6 2. d4 d5 3. exd5 exd5 4. Qf3 Be6 5. Bf4 Bd6 6. Bd3 c6 7. Ne2 Bxf4 8.
Qxf4 Nf6 9. Nbc3 Nbd7 10. O-O Nh5 11. Qf3 Qh4 12. Rfe1 O-O 13. g3 Qg5 14. h4
Qg4 15. Qxg4 Bxg4 16. Kg2 Bxe2 17. Rxe2 Rfe8 18. Rae1 Kf8 19. Na4 Nhf6 20. Bf5
1/2-1/2

[Event "SR 2. liga A 2007/2008"]
[Site "?"]
[Date "????.??.??"]
[Round "10.1"]
[White "Bezuch, Martin"]
[Black "Rachela, Milan"]
[Result "0-1"]
[WhiteElo "2238"]
[BlackElo "2312"]
[Annotator "jurcak"]
[PlyCount "74"]
[EventDate "2007.??.??"]
[WhiteTeam "Slovakia"]
[BlackTeam "Slovakia"]
[WhiteTeamCountry "SVK"]
[BlackTeamCountry "SVK"]

1. e4 e5 2. Nf3 Nc6 3. Bc4 Bc5 4. d3 Nf6 5. Nc3 d6 6. Be3 Bb6 7. Qd2 Bg4 8.
O-O-O Nd4 9. Bxd4 Bxd4 10. Nd5 Nxd5 11. Bxd5 c6 12. Bb3 Qf6 13. Qe2 O-O-O 14.
c3 Bb6 15. Rd2 Kb8 16. Bd1 Rhe8 17. h3 Bc8 18. Bb3 Qf4 19. Kb1 f5 20. g3 Qh6
21. Ne1 Rf8 22. f3 g5 23. Nc2 g4 24. fxg4 fxg4 25. d4 gxh3 26. Ne3 exd4 27.
cxd4 Qg6 28. Nf5 Rde8 29. g4 d5 30. e5 h5 31. Bc2 hxg4 32. Nd6 Qxd6 33. exd6
Rxe2 34. Rxe2 g3 35. Rhe1 g2 36. a3 Bxd4 37. Bf5 Bxf5+ 0-1

[Event "SR 2. liga A 2007/2008"]
[Site "?"]
[Date "2008.03.08"]
[Round "10.1"]
[White "Frindt, Kornel"]
[Black "Cvicela, Anton"]
[Result "1/2-1/2"]
[WhiteElo "2190"]
[BlackElo "2277"]
[PlyCount "29"]
[EventDate "2007.??.??"]
[WhiteTeam "Slovakia"]
[BlackTeam "Slovakia"]
[WhiteTeamCountry "SVK"]
[BlackTeamCountry "SVK"]

1. e4 c5 2. Nf3 Nf6 3. Nc3 Nc6 4. d4 d5 5. exd5 Nxd5 6. Nxd5 Qxd5 7. dxc5 Qxd1+
8. Kxd1 e5 9. Be3 Bg4 10. Be2 O-O-O+ 11. Ke1 f5 12. h3 Bxf3 13. Bxf3 f4 14. Bd2
Bxc5 15. Rd1 1/2-1/2

[Event "SR 2. liga A 2007/2008"]
[Site "?"]
[Date "????.??.??"]
[Round "10.1"]
[White "Janos, Martin"]
[Black "Seitler, Andrej"]
[Result "0-1"]
[WhiteElo "2262"]
[BlackElo "2227"]
[PlyCount "162"]
[EventDate "2007.??.??"]
[WhiteTeam "Doprastav D"]
[BlackTeam "Piestany"]

1. e4 c6 2. Ne2 d5 3. e5 c5 4. Ng3 Nc6 5. Bb5 Qc7 6. O-O Qxe5 7. Nc3 Nf6 8. Re1
Qc7 9. d4 c4 10. b3 a6 11. bxc4 axb5 12. Nxb5 Qb8 13. cxd5 Na7 14. Nc3 Bd7 15.
Rb1 Nc8 16. Qf3 Bg4 17. Qd3 g6 18. Nce4 Bg7 19. Nc5 Nd6 20. Bf4 b6 21. h3 Bc8
22. c4 Qc7 23. Nce4 Nfxe4 24. Nxe4 O-O 25. c5 f5 26. Nxd6 exd6 27. Bxd6 Qd7 28.
Re7 Qa4 29. Rxg7+ Kxg7 30. Bxf8+ Kxf8 31. Rxb6 Qd7 32. Rd6 Qe7 33. Qd2 Bd7 34.
Qh6+ Kg8 35. Qe3 Kf7 36. Qd2 Re8 37. Kh2 Bc8 38. a4 Qc7 39. g3 Re4 40. Qh6 Kg8
41. Qg5 Re8 42. h4 Qa5 43. Kg2 Qe1 44. Qf4 Kf7 45. h5 Qe4+ 46. Qxe4 fxe4 47.
hxg6+ hxg6 48. Kf1 e3 49. f3 e2+ 50. Ke1 Bf5 51. g4 Bd3 52. g5 Rh8 53. Rf6+ Kg7
54. Re6 Rh1+ 55. Kd2 Rd1+ 56. Kc3 Ba6 57. d6 Kf7 58. Re7+ Kf8 59. Kb4 e1=Q+ 60.
Rxe1 Rxe1 61. Ka5 Ke8 62. Kxa6 Kd7 63. a5 Rd1 64. Kb5 Rxd4 65. a6 Rd1 66. Kc4
Kc6 67. a7 Ra1 68. Kd4 Rxa7 69. Ke5 Rf7 70. f4 Rf5+ 71. Ke6 Rxf4 72. d7 Re4+
73. Kf6 Kxd7 74. Kxg6 Ke7 75. Kh7 Rh4+ 76. Kg7 Rc4 77. g6 Rxc5 78. Kh7 Rh5+ 79.
Kg8 Rg5 80. g7 Kf6 81. Kh8 Kf7 0-1

[Event "SR 2. liga A 2007/2008"]
[Site "?"]
[Date "2008.03.08"]
[Round "10.1"]
[White "Petrik, Stanislav"]
[Black "Tibensky, Robert"]
[Result "0-1"]
[WhiteElo "2223"]
[BlackElo "2431"]
[Annotator " , "]
[PlyCount "98"]
[EventDate "2007.??.??"]

1. e4 e6 2. d4 d5 3. e5 c5 4. c3 Nc6 5. Nf3 Bd7 6. a3 Rc8 7. b4 cxd4 8. cxd4
Nge7 9. Bd3 Nf5 10. Bxf5 exf5 11. O-O Be7 12. Qd3 Be6 13. Nc3 O-O 14. Be3 Qd7
15. Bg5 h6 16. Bxe7 Nxe7 17. Nb5 Rc6 18. a4 Nc8 19. Rfc1 a6 20. Nc3 Rc4 21. b5
a5 22. Nd2 Rc7 23. Ne2 Rxc1+ 24. Rxc1 Nb6 25. Qc3 Ra8 26. Ra1 Nxa4 27. Qb3 Nb6
28. Nf4 a4 29. Qb4 Qc7 30. h3 a3 31. Qc5 Qxc5 32. dxc5 Nd7 33. Nd3 d4 34. c6
bxc6 35. bxc6 Nb6 36. Nf3 Bc4 37. Nb4 d3 38. Nd2 Bb5 39. Rb1 Nc4 40. Na2 Bxc6
41. Nxc4 Bd5 42. Rc1 Rc8 43. Nd2 Rc2 44. Nf1 Rxa2 45. Rc8+ Kh7 46. Rd8 Ra1 47.
Rxd5 a2 48. Rxd3 Rxf1+ 49. Kxf1 a1=Q+ 0-1

[Event "SR 2. liga A 2007/2008"]
[Site "?"]
[Date "2008.03.08"]
[Round "10.2"]
[White "Maslik, Miroslav"]
[Black "Biro, Karol"]
[Result "1-0"]
[WhiteElo "2298"]
[BlackElo "2188"]
[Annotator " , "]
[PlyCount "120"]
[EventDate "2007.??.??"]

1. d4 {0} d6 2. Nf3 Nf6 3. c4 h6 4. Nc3 Bg4 5. g3 c6 6. Bg2 e6 7. O-O Be7 8.
Re1 d5 9. Qb3 Qb6 10. Ne5 Nbd7 11. Nxd7 Kxd7 12. cxd5 exd5 13. Qd1 Bb4 14. Bf4
Qa5 15. Qb3 b6 16. e4 Be6 17. e5 Ne4 18. a3 Bxc3 19. bxc3 g5 20. Be3 Qxc3 21.
Qa4 Qa5 22. Qxa5 bxa5 23. f3 Nc3 24. a4 g4 25. Bd2 gxf3 26. Bxf3 Ne4 27. Bxa5
Rab8 28. Bxe4 dxe4 29. Rab1 Bf5 30. Rf1 Be6 31. Bb4 Bc4 32. Bd6 Rb6 33. a5 Rxb1
34. Rxb1 Bb5 35. d5 a6 36. dxc6+ Kxc6 37. Rc1+ Kd5 38. Rc5+ Kd4 39. Rc7 Bc4 40.
Be7 Rb8 41. Bc5+ Kc3 42. Bb6 Re8 43. Rd7 Kc2 44. Bd4 Rb8 45. Bb6 Rc8 46. Kf2
Be6 47. Rd6 h5 48. Ke3 h4 49. gxh4 Bf5 50. Kf4 Be6 51. Rd8 Rc3 52. Be3 Rc6 53.
h5 Bh3 54. Rd6 Rc8 55. h6 Rg8 56. Kxe4 Rg4+ 57. Bf4 Rh4 58. Rxa6 Rh5 59. Rc6+
Kb3 60. Rf6 Bg2+ 1-0

[Event "SR 2. liga A 2007/2008"]
[Site "?"]
[Date "2008.03.08"]
[Round "10.2"]
[White "Skreno, Vladimir"]
[Black "Hrivnak, Martin"]
[Result "1/2-1/2"]
[WhiteElo "2063"]
[BlackElo "2190"]
[PlyCount "28"]
[EventDate "2007.??.??"]

1. d4 Nf6 2. Nf3 d6 3. Bg5 Nbd7 4. e3 e5 5. c4 Be7 6. Nc3 O-O 7. Qc2 Re8 8.
O-O-O exd4 9. Nxd4 Nc5 10. Bd3 Nxd3+ 11. Qxd3 Ne4 12. Bxe7 Qxe7 13. Qxe4 Qxe4
14. Nxe4 Rxe4 1/2-1/2

[Event "SR 2. liga A 2007/2008"]
[Site "?"]
[Date "????.??.??"]
[Round "10.2"]
[White "Varga, David"]
[Black "Kralovic, Andrej"]
[Result "1-0"]
[WhiteElo "2293"]
[BlackElo "2131"]
[PlyCount "105"]
[EventDate "2007.??.??"]

1. e4 c6 2. d4 d5 3. exd5 cxd5 4. c4 Nf6 5. Nc3 Nc6 6. Nf3 e6 7. cxd5 Nxd5 8.
Bd3 Be7 9. O-O O-O 10. Re1 Nxc3 11. bxc3 b6 12. Qc2 g6 13. Bh6 Re8 14. Re4 Bf8
15. Qd2 Bb7 16. Bxf8 Rxf8 17. Qh6 Qf6 18. Ng5 Qg7 19. Rh4 Qxh6 20. Rxh6 Rac8
21. Re1 Na5 22. Re3 Rxc3 23. h4 Bd5 24. h5 Kg7 25. Rxh7+ Kf6 26. Nf3 gxh5 27.
Ne5 Rxd3 28. Rxd3 Be4 29. Nd7+ Ke7 30. Nxf8 Kxf8 31. Rh8+ Kg7 32. Re3 Kxh8 33.
Rxe4 Nc6 34. f3 Kg7 35. Kf2 Kf6 36. a3 Na5 37. Rh4 Nc4 38. a4 Nb2 39. a5 Kg6
40. Rh1 Nd3+ 41. Ke3 Nb4 42. Ke4 Nc6 43. axb6 axb6 44. Rb1 Ne7 45. Rxb6 Nd5 46.
Rc6 Kf6 47. Rc5 Ne7 48. Rxh5 Kg6 49. Rc5 Kf6 50. g4 Kg6 51. Ke5 Kg7 52. Kd6 Kf8
53. f4 1-0

[Event "SR 2. liga A 2007/2008"]
[Site "?"]
[Date "2008.03.08"]
[Round "10.3"]
[White "Bury, Rastislav"]
[Black "Gajarsky, Roman"]
[Result "1/2-1/2"]
[WhiteElo "2130"]
[BlackElo "1981"]
[PlyCount "78"]
[EventDate "2007.??.??"]

1. d4 d5 2. Nf3 f5 3. Bf4 g6 4. e3 Bg7 5. c4 e6 6. Nbd2 Nf6 7. Ne5 c6 8. Be2
Nbd7 9. h4 Ne4 10. Nxd7 Bxd7 11. Nxe4 fxe4 12. h5 Qa5+ 13. Qd2 Qxd2+ 14. Kxd2
Kf7 15. c5 Rae8 16. Bg4 Bf6 17. f3 exf3 18. gxf3 g5 19. Bd6 h6 20. Kd3 Bc8 21.
e4 Be7 22. Bb8 a6 23. f4 Rhf8 24. Raf1 Kg8 25. Be5 Rf7 26. Rf3 Ref8 27. Rhf1
gxf4 28. Bxf4 Bg5 29. Ke3 Kg7 30. Bxg5 Rxf3+ 31. Rxf3 Rxf3+ 32. Kxf3 hxg5 33.
exd5 cxd5 34. Ke3 Bd7 35. Kd3 Kf6 36. Kc3 Bc6 37. b4 Be8 38. Kd3 Bb5+ 39. Ke3
Ba4 1/2-1/2

[Event "SR 2. liga A 2007/2008"]
[Site "?"]
[Date "2008.03.08"]
[Round "10.3"]
[White "Gazi, Mikulas"]
[Black "Janos, Ivan"]
[Result "0-1"]
[WhiteElo "2184"]
[BlackElo "2120"]
[PlyCount "80"]
[EventDate "2007.??.??"]

1. e4 c5 2. Nf3 e6 3. d4 cxd4 4. Nxd4 Nc6 5. Nc3 Qc7 6. Be3 a6 7. Bd3 Nf6 8.
O-O Nxd4 9. Bxd4 Bc5 10. Bxc5 Qxc5 11. Qe2 d6 12. Kh1 b5 13. f4 b4 14. Na4 Qc6
15. b3 Bb7 16. Rae1 h5 17. Qf2 h4 18. Qb6 h3 19. g3 d5 20. Qxc6+ Bxc6 21. exd5
Bxd5+ 22. Kg1 Bg2 23. Rf2 O-O 24. Nc5 Rfd8 25. Ne4 Ng4 26. Rd2 Rac8 27. Nf2 Nf6
28. Red1 Bf3 29. Bh7+ Kxh7 30. Rxd8 Rxc2 31. Ra1 Ng4 32. Nxg4 Rg2+ 33. Kf1 Be2+
34. Ke1 Bxg4 35. Rc1 Rxh2 36. Rcc8 Re2+ 37. Kf1 Rxa2 38. Rh8+ Kg6 39. Kg1 Bh5
40. Rc5 h2+ 0-1

[Event "SR 2. liga A 2007/2008"]
[Site "?"]
[Date "????.??.??"]
[Round "10.3"]
[White "Szollos, Ondrej"]
[Black "Petenyi, Tamas"]
[Result "0-1"]
[WhiteElo "2111"]
[BlackElo "2196"]
[Annotator "Jurèák"]
[PlyCount "118"]
[EventDate "2007.??.??"]

1. Nf3 Nf6 2. b3 c5 3. d3 e6 4. e4 d6 5. Bb2 Be7 6. Be2 b6 7. O-O Bb7 8. Nbd2
O-O 9. Re1 Nbd7 10. Nf1 Qc7 11. c3 Rad8 12. Ng3 Ne5 13. Nxe5 dxe5 14. Qc2 Qb8
15. Rad1 Nd7 16. Bg4 a6 17. c4 g6 18. Qe2 Qc7 19. Nf1 Nb8 20. Nd2 Nc6 21. Nf3
Bf6 22. Qe3 Nb4 23. Re2 Nxa2 24. Qh6 Bg7 25. Qh3 Nb4 26. Ng5 h6 27. Nxf7 Rxf7
28. Bxe6 Bc8 29. Bxf7+ Qxf7 30. Qg3 Nc6 31. Re3 Qe6 32. h3 Rf8 33. Rf3 Rxf3 34.
Qxf3 Na5 35. Rb1 Nxb3 36. Bc3 Nd4 37. Qd1 Bf6 38. Bxd4 exd4 39. f4 Bd8 40. Qd2
Bc7 41. g4 Qf6 42. Rf1 Qh4 43. Qg2 g5 44. fxg5 Qxg5 45. Qf3 Qe3+ 46. Qxe3 dxe3
47. Rf3 Be5 48. Kf1 a5 49. Rxe3 a4 50. Ke1 Bd4 51. Re2 a3 52. Ra2 Bb2 53. Kd2
Kg7 54. Kc2 Kf6 55. Rxb2 axb2 56. Kxb2 Kg5 57. Kc3 Kh4 58. d4 cxd4+ 59. Kxd4
Kxh3 0-1

[Event "SR 2. liga A 2007/2008"]
[Site "?"]
[Date "????.??.??"]
[Round "10.4"]
[White "Csiba, Dominik"]
[Black "Antala, Jan"]
[Result "1-0"]
[WhiteElo "2111"]
[BlackElo "1942"]
[Annotator "Jurèák"]
[PlyCount "65"]
[EventDate "2007.??.??"]

1. d4 Nf6 2. c4 e6 3. Nc3 d5 4. cxd5 exd5 5. Bg5 Be7 6. e3 Nbd7 7. Qc2 c6 8.
Bd3 h6 9. Bh4 O-O 10. Nge2 Re8 11. O-O Nf8 12. f3 Bd6 13. Bxf6 Qxf6 14. e4 Qd8
15. Qb3 Qe7 16. e5 Bb8 17. f4 Kh8 18. f5 Qg5 19. Rf3 c5 20. f6 gxf6 21. Rg3 Qh4
22. Qxd5 Be6 23. Qxb7 cxd4 24. Qxa8 dxc3 25. bxc3 Rd8 26. Rb1 Bc7 27. Qf3 Bxe5
28. Rb4 Bxg3 29. Rxh4 Bxh4 30. g3 Bg5 31. h4 Bd5 32. Qf2 Bxa2 33. Nd4 1-0

[Event "SR 2. liga A 2007/2008"]
[Site "?"]
[Date "2008.03.08"]
[Round "10.4"]
[White "Hecko, Dusan"]
[Black "Slapak, Zdenek"]
[Result "1-0"]
[WhiteElo "2123"]
[BlackElo "2172"]
[Annotator "Fritz 9 (20s)"]
[PlyCount "79"]
[EventDate "2007.??.??"]

{A85: Dutch Defence: 2 c4 Nf6 3 Nc3} 1. c4 f5 2. d4 Nf6 3. Nc3 e6 4. Nf3 d5 5.
cxd5 ({kniz. Fritz} 5. Bf4 c6 6. e3 Be7 7. Bd3 O-O 8. Qc2 Ne4 9. g4 Qa5 10. Ke2
Na6 11. a3 Nxc3+ 12. bxc3 dxc4 13. Bxc4 b5 14. Ba2 Nc7 15. Bxc7 Qxc7 16. gxf5
c5 17. Qe4 c4) 5... exd5 6. Bg5 Be7 7. e3 O-O 8. Be2 c6 9. O-O Nbd7 10. Rc1 Ne4
11. Bxe7 Qxe7 12. a3 Rf6 13. b4 Rh6 $11 14. g3 a6 $15 15. Na4 b5 16. Nb2 $11
Nb6 17. Nd3 Nc4 $15 18. a4 Bd7 19. axb5 $11 axb5 20. Ra1 Re8 21. Ra7 $14 g5 22.
Nfe5 $16 Rd8 23. Qa1 Qd6 24. Ra8 Be8 25. Rxd8 Qxd8 26. Qa7 Nc3 27. Re1 Nxe2+
28. Rxe2 Re6 29. Ra2 Re7 30. Qa8 Qd6 31. Qc8 $18 Nxe5 (31... Qe6 32. Qd8 Kg7
33. Ra6 $18) 32. dxe5 (32. Nxe5 Qe6 33. Qd8 Kf8 $18) 32... Qg6 33. f4 Qh5 34.
Nf2 (34. Qxf5 Rf7 35. Qxg5+ Qxg5 36. fxg5 Rf5 $18) 34... d4 35. Qxf5 $18 dxe3
36. Ng4 e2 $4 {urychluje koniec} (36... Rf7 37. Qxg5+ Qxg5 38. fxg5 Kg7 $18)
37. Rxe2 (37. Nf6+ $142 {a biely ma vyhrate} Kh8 38. Nxh5 e1=Q+ 39. Kg2 Rf7 $18
40. Nf6) 37... Bg6 38. Nf6+ Kf7 39. e6+ Kf8 40. Nd7+ 1-0

[Event "SR 2. liga A 2007/2008"]
[Site "?"]
[Date "2008.03.08"]
[Round "10.4"]
[White "Syrovy, Ivan"]
[Black "Todor, Razvan"]
[Result "0-1"]
[WhiteElo "2097"]
[BlackElo "2198"]
[Annotator " , "]
[PlyCount "76"]
[EventDate "2007.??.??"]

1. e4 d5 2. exd5 Qxd5 3. Nc3 Qd6 4. Nf3 Nf6 5. d3 Bg4 6. Be2 Nc6 7. h3 Bh5 8.
Bg5 h6 9. Bh4 Qb4 10. Bxf6 gxf6 11. Qd2 O-O-O 12. O-O-O f5 13. Ng1 Bxe2 14.
Ngxe2 e5 15. Qe3 Bg7 16. Qf3 Ne7 17. g4 f4 18. Qe4 Qb6 19. f3 Qe6 20. Qa4 a6
21. Rhe1 h5 22. Ne4 hxg4 23. hxg4 f5 24. gxf5 Nxf5 25. Rh1 Qb6 26. N2c3 Qe3+
27. Nd2 Rxh1 28. Rxh1 Nd4 29. Rf1 Bf8 30. Kd1 Nf5 31. Qe4 $11 Qxe4 32. Ncxe4
Ne3+ 33. Ke2 Nxc2 34. Nc4 Nd4+ 35. Kf2 Nc6 36. Ke2 b5 37. Ncd2 Nb4 38. Nf2 Nxa2
0-1

[Event "SR 2. liga A 2007/2008"]
[Site "?"]
[Date "????.??.??"]
[Round "10.5"]
[White "Lobodas, Andrej"]
[Black "Lesny, Stefan"]
[Result "0-1"]
[WhiteElo "1938"]
[BlackElo "2114"]
[PlyCount "50"]
[EventDate "2007.??.??"]

1. e4 e5 2. f4 exf4 3. Nf3 h6 4. Bc4 d6 5. d4 g5 6. h3 Bg7 7. O-O c6 8. e5 d5
9. Bd3 Ne7 10. Nh2 Nf5 11. Bxf5 Bxf5 12. c3 Nd7 13. Qf3 Qe7 14. b3 Qe6 15. Nd2
O-O 16. Ba3 Rfc8 17. h4 f6 18. exf6 Nxf6 19. Rae1 Ne4 20. hxg5 hxg5 21. Qe2 Re8
22. Bb2 Qg6 23. Qd1 Rad8 24. Re2 Rd7 25. Rfe1 Bf6 0-1

[Event "SR 2. liga A 2007/2008"]
[Site "?"]
[Date "2008.03.08"]
[Round "10.5"]
[White "Rovnak, Peter"]
[Black "Michal, Silvio"]
[Result "0-1"]
[WhiteElo "2117"]
[BlackElo "2083"]
[Annotator " , "]
[PlyCount "142"]
[EventDate "2007.??.??"]

1. e4 {0} Nf6 2. e5 Nd5 3. d4 d6 4. c4 Nb6 5. Nf3 Nc6 6. exd6 exd6 7. d5 Ne5 8.
Nxe5 dxe5 9. Be3 Bb4+ 10. Nc3 O-O 11. Qb3 Qe7 12. a3 Bc5 13. Bd3 Bxe3 14. fxe3
Qg5 15. O-O-O Qxe3+ 16. Kb1 Bg4 17. Nb5 e4 18. Bc2 Qxb3 19. Bxb3 Bxd1 20. Rxd1
c6 21. Nd6 cxd5 22. cxd5 e3 23. Re1 Nxd5 24. Nxb7 Nf4 25. Rxe3 Ne6 26. Nd6 Nc5
27. Ba2 Rad8 28. Nf5 g6 29. Ne7+ Kg7 30. Nc6 Rd2 31. Nxa7 Nd3 32. b4 Rb8 33.
Bc4 Nxb4 34. axb4 Rxb4+ 35. Kc1 Rxg2 36. Bb3 Rxh2 37. Nc6 Rg4 38. Rf3 Rg1+ 39.
Bd1 Ra2 40. Rd3 Ra1+ 41. Kc2 Raxd1 42. Rxd1 Rxd1 43. Kxd1 f5 44. Ke2 g5 45. Ne5
h5 46. Kf3 Kf6 47. Nd7+ Ke7 48. Ne5 Ke6 49. Nc6 h4 50. Nd4+ Ke5 51. Nc6+ Kd5
52. Ne7+ Ke6 53. Nc6 Kf6 54. Nd4 h3 55. Kg3 g4 56. Nc2 Kg5 57. Nd4 f4+ 58. Kh2
Kf6 59. Ne2 Ke5 60. Nc3 Kd4 61. Ne2+ Ke3 62. Nc3 Kf2 63. Ne4+ Kf1 64. Ng5 Ke2
65. Ne6 Kf3 66. Nd4+ Ke4 67. Ne2 Ke3 68. Nc3 f3 69. Nd5+ Kf2 70. Nc3 g3+ 71.
Kxh3 g2 0-1

[Event "SR 2. liga A 2007/2008"]
[Site "?"]
[Date "2008.03.08"]
[Round "10.5"]
[White "Stefan, Oldrich"]
[Black "Kollarik, Gorazd"]
[Result "1/2-1/2"]
[WhiteElo "2044"]
[BlackElo "1972"]
[PlyCount "37"]
[EventDate "2007.??.??"]

1. d4 Nf6 2. Nf3 d5 3. c4 e6 4. g3 Bb4+ 5. Bd2 Bxd2+ 6. Nbxd2 b6 7. Bg2 Bb7 8.
O-O O-O 9. Qc2 Nbd7 10. Rac1 c6 11. e4 dxe4 12. Nxe4 Nxe4 13. Qxe4 Nf6 14. Qc2
c5 15. Rfd1 Qc7 16. b3 Rfd8 17. Qe2 h6 18. dxc5 Qxc5 19. Ne5 1/2-1/2

[Event "SR 2. liga A 2007/2008"]
[Site "?"]
[Date "????.??.??"]
[Round "10.6"]
[White "Blatnicky, Miroslav"]
[Black "Cibicek, Jozef"]
[Result "1/2-1/2"]
[WhiteElo "2147"]
[BlackElo "2124"]
[PlyCount "67"]
[EventDate "2007.??.??"]
[WhiteTeam "Piestany"]
[BlackTeam "Doprastav D"]

1. e4 c5 2. Nf3 d6 3. d4 cxd4 4. Nxd4 Nf6 5. Nc3 g6 6. Be2 Nc6 7. Be3 Bg7 8.
Qd2 O-O 9. O-O-O Bd7 10. h4 Ne5 11. h5 Neg4 12. hxg6 fxg6 13. f3 Nxe3 14. Qxe3
Rc8 15. Kb1 a6 16. Nd5 Nxd5 17. exd5 Qb6 18. g4 Rfe8 19. Qd2 e6 20. Nb3 exd5
21. Bd3 Re7 22. Qh2 a5 23. Qxh7+ Kf8 24. Qxg6 a4 25. Rh7 axb3 26. axb3 Qd4 27.
c3 Rxc3 28. bxc3 Qxc3 29. Rxg7 Qxb3+ 30. Kc1 Qc3+ 31. Bc2 Qa3+ 32. Kb1 Qb4+ 33.
Kc1 Qa3+ 34. Kb1 1/2-1/2

[Event "SR 2. liga A 2007/2008"]
[Site "?"]
[Date "????.??.??"]
[Round "10.6"]
[White "Obdrzalkova, Anita"]
[Black "Jurcak, Marian"]
[Result "0-1"]
[WhiteElo "2064"]
[BlackElo "1922"]
[Annotator "Juèák"]
[PlyCount "90"]
[EventDate "2007.??.??"]

1. d4 Nf6 2. c4 g6 3. Nc3 d5 4. cxd5 Nxd5 5. e4 Nxc3 6. bxc3 Bg7 7. Bc4 c5 8.
Ne2 O-O 9. O-O Nc6 10. Be3 Na5 11. Bb3 c4 12. Bc2 b5 13. Qd2 Re8 14. f4 e6 15.
Ng3 Nc6 16. e5 a5 17. Ne4 Ba6 18. f5 exf5 19. Bg5 Qb6 20. Nf6+ Kh8 21. Nxe8
Rxe8 22. Kh1 Ne7 23. Rf3 Nd5 24. Rh3 b4 25. Bh6 Rg8 26. Bxg7+ Rxg7 27. Rb1 Qc6
28. cxb4 axb4 29. Rxb4 Nxb4 30. Qxb4 Bb7 31. Rf3 Qd7 32. Rf1 Qd5 33. Rg1 Rg8
34. Bd1 Ba8 35. Qb6 Qe6 36. Qa7 Rc8 37. Ba4 Rd8 38. Rc1 Qd5 39. Rg1 Kg8 40. Qe7
Qxd4 41. e6 fxe6 42. Qxe6+ Kg7 43. Qe7+ Kh6 44. h4 Qd2 45. Bd1 Bxg2+ 0-1

[Event "SR 2. liga A 2007/2008"]
[Site "?"]
[Date "2008.03.08"]
[Round "10.6"]
[White "Racik, Marek"]
[Black "Chovanec, Vladimir"]
[Result "1/2-1/2"]
[WhiteElo "1912"]
[BlackElo "1419"]
[PlyCount "36"]
[EventDate "2007.??.??"]

1. Nf3 Nf6 2. c4 g6 3. g3 Bg7 4. Bg2 d6 5. d4 O-O 6. O-O Nbd7 7. Nc3 e5 8. e3
Re8 9. Re1 c6 10. b3 Qc7 11. Bb2 Nf8 12. Rc1 Bd7 13. Qc2 exd4 14. Nxd4 Ne6 15.
Qd2 Nxd4 16. exd4 Qa5 17. a3 Qh5 18. Qf4 Bh3 1/2-1/2

[Event "SR 2. liga A 2007/2008"]
[Site "?"]
[Date "2008.03.08"]
[Round "10.6"]
[White "Srna, Jan"]
[Black "Krajnak, Robert"]
[Result "1/2-1/2"]
[WhiteElo "2017"]
[BlackElo "2118"]
[PlyCount "60"]
[EventDate "2007.??.??"]

1. d4 Nf6 2. Nf3 e6 3. a3 c5 4. e3 b6 5. b3 Be7 6. c4 O-O 7. Bd3 d5 8. O-O Ba6
9. Bb2 dxc4 10. bxc4 Nc6 11. Nbd2 Rc8 12. Rc1 cxd4 13. exd4 Na5 14. Qe2 Re8 15.
Ne5 Bf8 16. f4 Nc6 17. Ndf3 g6 18. h3 Nh5 19. Nxc6 Rxc6 20. Ne5 Rd6 21. Qf2 Bh6
22. g3 Bb7 23. Rcd1 Qc7 24. Be2 Nf6 25. Bf3 Red8 26. Qe3 Bf8 27. Rc1 Ne8 28.
Rf2 Ng7 29. g4 Re8 30. Rfc2 Bxf3 1/2-1/2

[Event "SR 2. liga A 2007/2008"]
[Site "?"]
[Date "2008.03.08"]
[Round "10.7"]
[White "Kovac, Andrej"]
[Black "Marhula, Milan"]
[Result "1-0"]
[WhiteElo "1924"]
[BlackElo "1532"]
[PlyCount "47"]
[EventDate "2007.??.??"]

1. e4 e5 2. f4 exf4 3. Nf3 g5 4. h4 g4 5. Ne5 h5 6. Bc4 Nh6 7. d4 d6 8. Nd3 Be6
9. Bxe6 fxe6 10. Bxf4 Be7 11. g3 Nc6 12. c3 e5 13. dxe5 dxe5 14. Nxe5 Qxd1+ 15.
Kxd1 O-O-O+ 16. Kc2 Nxe5 17. Bxe5 Rhe8 18. Bf4 Bf8 19. Nd2 Nf7 20. Rhf1 Ne5 21.
Bg5 Rd3 22. Bf4 Rd6 23. Bxe5 Rxe5 24. Rxf8+ 1-0

[Event "SR 2. liga A 2007/2008"]
[Site "?"]
[Date "????.??.??"]
[Round "10.7"]
[White "Sosovicka, Juraj"]
[Black "Ujhelyi, Matus"]
[Result "1/2-1/2"]
[WhiteElo "1902"]
[BlackElo "1904"]
[Annotator "Jurèák"]
[PlyCount "84"]
[EventDate "2007.??.??"]

1. e4 e6 2. d4 d5 3. Nc3 Nf6 4. Bg5 Be7 5. e5 Nfd7 6. Bxe7 Qxe7 7. Nf3 a6 8.
Bd3 c5 9. dxc5 Nc6 10. Qe2 Nxc5 11. O-O Qc7 12. Qe3 Nxd3 13. Qxd3 b5 14. a3 Bb7
15. Rfe1 Rc8 16. Qe3 O-O 17. Nd4 Nxd4 18. Qxd4 Qc5 19. Rad1 a5 20. Rd2 Qxd4 21.
Rxd4 Rc5 22. f4 Rfc8 23. Red1 Ba6 24. Kf2 Rc4 25. R1d2 b4 26. axb4 axb4 27.
Rxc4 Rxc4 28. Ne2 Re4 29. Kf3 f6 30. exf6 gxf6 31. Ng3 Rc4 32. f5 e5 33. Ke3
Rc5 34. Rf2 Kf7 35. Kd2 d4 36. Ne4 Ra5 37. b3 Rd5 38. Rf3 Bb7 39. Rh3 Kg7 40.
Rg3+ Kf7 41. Rh3 Kg7 42. Rg3+ Kf7 1/2-1/2

[Event "SR 2. liga A 2007/2008"]
[Site "?"]
[Date "2008.03.08"]
[Round "10.7"]
[White "Vinarcik, Jan"]
[Black "Hajtmanek, Stanislav"]
[Result "1-0"]
[WhiteElo "1989"]
[BlackElo "1778"]
[PlyCount "143"]
[EventDate "2007.??.??"]

1. e4 c5 2. Nf3 Nc6 3. d4 cxd4 4. Nxd4 g6 5. c4 Bg7 6. Nc2 Nf6 7. Nc3 O-O 8.
Be2 b6 9. O-O Bb7 10. Be3 Rc8 11. f4 Na5 12. e5 Ne4 13. Nxe4 Bxe4 14. Na3 d6
15. Qd4 Bb7 16. Qc3 dxe5 17. fxe5 Qc7 18. Bf4 Qc5+ 19. Kh1 Nc6 20. Bf3 Ba6 21.
Rae1 Rfd8 22. Re4 Qb4 23. Qc1 e6 24. Nc2 Qf8 25. Qe1 b5 26. b3 Rd7 27. Bg5 Ne7
28. Rh4 Nf5 29. Rh3 bxc4 30. bxc4 Bxc4 31. Rf2 Rdc7 32. g4 Ne7 33. Ne3 Bb5 34.
Bf6 Rc1 35. Bd1 Bc6+ 36. Kg1 Nd5 37. Rd2 Nxe3 38. Qxe3 Qc5 39. Qxc5 Rxc5 40.
Ra3 a5 41. Kf2 Bf8 42. Rad3 Rd5 43. h4 Bc5+ 44. Kg3 Bb4 45. Rxd5 Bxd5 46. Rh2
Be1+ 47. Kf4 Rc3 48. Rb2 Rc4+ 49. Kg5 Rc8 50. h5 Ra8 51. hxg6 fxg6 52. Rc2 Bb4
53. Rc7 Bf8 54. a4 Rb8 55. Bc2 Rd8 56. Bd3 Rb8 57. Bb5 Ra8 58. Bc6 Bxc6 59.
Rxc6 Re8 60. Ra6 Bb4 61. Ra7 Bc3 62. Kh4 Be1+ 63. Kh3 Rb8 64. g5 Rb3+ 65. Kg2
Rb4 66. Rg7+ Kf8 67. Rxh7 Rxa4 68. Re7 Rg4+ 69. Kf3 Rh4 70. Rxe6 a4 71. Ra6 a3
72. e6 1-0